Statistiques concernant Rues et Places emblématiques du monde par photos

Cliquez ici pour prendre le quiz!

Statistiques générales

  • Ce quiz a été pris 48 fois
  • Le résultat moyen est 6 sur 16

Statistiques - réponses

Answer % Correct
Avenue des Champs-Élysées
87%
Times Square
79%
Place Rouge
77%
Place Saint-Marc
70%
Place Saint-Pierre
68%
Promenade des Anglais
49%
Place Tian'anmen
43%
Hollywood Boulevard
43%
Trafalgar Square
32%
La Croisette
30%
Las Vegas Strip
17%
Shibuya Crossing
15%
Sunset Boulevard
15%
Place Jemaa el-Fna
11%
Beale Street
4%
Rue de Nankin
0%

Distribution des résultats

Percentile par nombre de réponses

% des personnes avec chaque résultat

Votre développement - résultats

Vous n’avez pas pris ce quiz